[Event "Linares 26th"]
[Site "Linares"]
[Date "2009.02.24"]
[Round "5"]
[White "Ivanchuk, Vassily"]
[Black "Anand, Viswanathan"]
[Result "1/2-1/2"]
[WhiteElo "2779"]
[BlackElo "2791"]
[Annotator "Rogozenco,D"]
[PlyCount "129"]
[EventDate "2009.02.19"]
[EventType "tourn"]
[EventRounds "14"]
[EventCountry "ESP"]
[EventCategory "21"]
[SourceTitle "CBM 129"]
[Source "ChessBase"]
[SourceDate "2009.03.25"]
[SourceVersion "1"]
[SourceVersionDate "2009.03.25"]
[SourceQuality "1"]

{This game is interesting first of all for its rook endgame.} 1. d4 d5 2. c4 c6
3. Nf3 Nf6 4. Nc3 dxc4 5. a4 Bf5 6. e3 e6 7. Bxc4 Bb4 8. O-O O-O 9. Qe2 Nbd7
10. e4 Bg6 11. Bd3 Bh5 12. e5 Nd5 13. Nxd5 cxd5 14. Qe3 Re8 15. Ne1 Bg6 16.
Bxg6 hxg6 17. Nd3 Qb6 18. Nxb4 Qxb4 19. b3 Rac8 20. Ba3 Qc3 21. Rac1 Qxe3 22.
fxe3 f6 23. Bd6 a5 $2 $146 {A bad attempt to improve on Kramnik's play.} (23...
g5 24. h3 (24. Bc7 $5) 24... Kf7 25. Kf2 Kg6 26. Ke2 fxe5 27. dxe5 b6 28. b4
Rc4 29. Rxc4 dxc4 30. Rc1 Rc8 31. g4 a5 32. b5 c3 33. Rc2 Kf7 34. Kd3 Nc5+ 35.
Bxc5 Rxc5 36. Rxc3 Rxc3+ 37. Kxc3 {1/2-1/2 Anand,V (2783)-Kramnik,V (2772)/
Bonn 2008}) 24. Bc7 $1 $16 {After this move everything becomes clear. White
will double rooks on the c-file and then remove the bishop from c7, thus
forcing Black to give up the c-file. Perhaps Ivanchuk had a similar idea in
mind in the event of 23...g5 too, but Anand's 23...a5 only made 24.Bc7 even
more powerful.} fxe5 25. dxe5 b6 26. Rc3 Rf8 27. Rfc1 $1 Rf5 28. g4 Rf7 (28...
Rg5 29. h3 Ra8 (29... Nxe5 $2 30. Bxe5 Rxc3 31. Bxc3 $18) (29... Re8 30. Kg2
Nxe5 31. Bxb6 $18) 30. Kg2 Nxe5 31. Bxb6 Kh7 32. Rc8 Ra6 33. Bd8 $18) 29. Bd6
Nc5 (29... Rxc3 30. Rxc3 g5 31. Rc8+ Kh7 32. Kg2 Kg6 33. Re8 $18) 30. Bxc5 bxc5
31. Rxc5 Rcf8 (31... Rxc5 32. Rxc5 Rb7 33. Rb5 Ra7 34. Kf2 Kf7 35. e4 dxe4 36.
Ke3 $18) 32. Rxa5 Rf3 33. Ra7 g5 ({More chances to survive are offered by} 
33... Rxe3 34. Rcc7 Kh7 $1) 34. Re1 (34. Rcc7 $2 Rf1+ 35. Kg2 R1f2+ $11) 34...
d4 35. exd4 Rxb3 36. Rf1 $1 Rd3 (36... Rc8 $142) 37. Rxf8+ Kxf8 38. a5 Rxd4 39.
h3 Kg8 40. a6 Ra4 41. Kf2 Ra5 42. Kf3 Rxe5 43. Re7 Kh7 44. Re8 Ra5 45. Rxe6
Ra3+ 46. Ke4 Rxh3 {This apparently simple endgame is in fact more complicated
than it seems.} 47. Kd5 $2 ({The only winning move is} 47. Kd4 $1 {Then after}
Rg3 (47... Ra3 48. Kc5 Ra4 49. Kb6 $18) 48. Kc5 Rxg4 {White has} 49. Re5 $1 {
again the only winning move. This is why the rook is better placed on e6 than
on c6. A few variations:} Ra4 (49... Kh6 50. a7 Ra4 51. Kb6 {[%cal Ge5a5]} Rxa7
52. Kxa7 Kh5 53. Kb6 Kg4 54. Kc5 Kf4 55. Kd4 g4 56. Re7 g3 57. Rf7+ Kg4 58. Ke3
g5 59. Rf8 $18) 50. Kb5 Ra1 51. Rxg5 Kh6 52. Rc5 g5 53. Kb6 Kh5 ({Even simpler
is} 53... g4 54. a7 Rxa7 55. Kxa7) 54. Ra5 Rb1+ 55. Kc7 Rc1+ 56. Kd7 Rd1+ 57.
Ke7 Re1+ 58. Kf7 Rf1+ 59. Kg7 Rd1 60. a7 Rd8 61. a8=Q Rxa8 62. Rxa8 g4 63. Kf6
$18) (47. a7 Ra3 48. Re7 Kh6 49. Kd5 g6 50. Kc6 Rxa7 51. Rxa7) 47... Rc3 $1 ({
Both} 47... Ra3 48. Kc5) ({and} 47... Rg3 48. Kc6 Rxg4 49. a7 Ra4 50. Kb7 {
lose for Black.}) 48. Rb6 (48. Rc6 {does not win:} Rg3 49. Kc5 (49. a7 Ra3 50.
Rc7 Kh6 51. Kc6 g6 {and now Black escapes thanks to the idea Rxa7 stalemate!
The only move to prevent that is} 52. Kd7 {but then just} Ra1 {and Black waits
until the white king leaves the seventh rank, after which he takes on a7 with
stalemate.}) 49... Rxg4 {With the rook on e6 White would have played here 50.
Re5, see 47.Kd4. Now this is a draw:} 50. Kb5 (50. a7 Ra4 51. Kb6 g4 52. Rc4 (
52. Kb7 g3 53. a8=Q Rxa8 54. Kxa8 g5 55. Kb7 g2 56. Rc1 Kg6 57. Kc6 Kf5 58. Rg1
Kf4 59. Rxg2 g4 $11) 52... Rxc4 53. a8=Q Rf4 {here Black places the rook on f6,
gives up the g4-pawn and achieves a theoretical draw.}) 50... Rf4 51. a7 Rf8
52. Ra6 Ra8 53. Kc6 g4 54. Kb7 Rf8 55. a8=Q Rxa8 56. Rxa8 Kg6 $1 {It is
important to realize here that only this move achieves a draw. That's why with
the pawn on g6 instead of g7 Black would be lost.} 57. Kc6 (57. Ra5 g3 58. Kc6
g2 59. Ra1 Kf5 60. Rg1 g5 61. Rxg2 Kf4 62. Kd5 g4 63. Kd4 Kf3 $11) 57... Kf5
58. Kd5 g3 $11) (48. Kd4 {achieves nothing due to} Rc1) (48. a7 {is a draw due
to stalemate:} Ra3 49. Re7 Kh6 50. Kc6 g6 {and then take on a7.}) 48... g6 $2 {
As indicated by Ivanchuk, now White is winning again.} ({Black had to wait
until White plays Rc6 and then attack the g-pawn:} 48... Rc1 49. Rc6 (49. a7
Ra1 50. Rb7 Kh6 51. Kc6 g6 52. Kc7 Ra2 53. Kb8 Rxa7 $11) 49... Rg1 50. Kc5 Rxg4
$11 {see 48.Rc6}) 49. Kd6 $2 (49. a7 $2 Ra3 50. Rb7+ Kh6 {followed by 51...
Rxa7 is a stalemate again:}) ({But with the pawn on g6} 49. Rc6 {wins:} Rg3 50.
Kc5 Rxg4 51. Kb5 Rf4 52. a7 Rf8 53. Ra6 Ra8 54. Kc6 g4 55. Kb7 Rf8 56. a8=Q
Rxa8 57. Rxa8 $18 {As mentioned above, with the pawn on g7 the position would
be a draw because of 57...Kg6. But now White is winning:} Kh6 (57... g3 58. Kc6
g2 59. Ra1 Kh6 60. Kd5 Kg5 61. Rg1 Kf4 62. Rxg2 g5 63. Kd4 g4 64. Rf2+ Kg3 65.
Ke3 Kh3 66. Kf4 g3 67. Rf3 $18) 58. Ra5 $1 g3 59. Ra3 Kg5 60. Rxg3+ Kf5 61. Kc6
g5 62. Kd5 Kf4 63. Rg1 g4 64. Kd4 Kf3 65. Kd3 g3 66. Rf1+ Kg2 67. Ke2 $18)
49... Kh6 $11 {Now it is draw again and the evaluation won't change anymore.}
50. Rb8 {Other attempts don't win either.} (50. Rc6 Rg3 51. Kc7 Rxg4 52. a7 Ra4
53. Kb7 Rxa7+ 54. Kxa7 g4 55. Kb6 Kg5 $11) 50... Ra3 51. Ra8 Kg7 (51... Ra4 52.
Kc6 Rxg4 $2 53. a7 $18) 52. Kc5 Ra1 53. Kb6 Rb1+ 54. Ka7 Rb4 55. Rb8 Rxg4 56.
Rb5 Ra4 57. Rxg5 (57. Kb6 g4 58. a7 g3 $11) 57... Rb4 58. Rc5 Kh6 59. Rc6 Kh5
60. Rb6 Rf4 61. Rb5+ g5 62. Kb6 Rf6+ 63. Ka5 Rf7 64. Kb6 Rf6+ 65. Ka5 1/2-1/2

[Event "Biel GM"]
[Site "Biel"]
[Date "2007.08.01"]
[Round "8"]
[White "Pelletier, Yannick"]
[Black "Bu, Xiangzhi"]
[Result "1-0"]
[WhiteElo "2591"]
[BlackElo "2685"]
[Annotator "Rogozenco,D"]
[PlyCount "73"]
[EventDate "2007.07.23"]
[EventType "tourn"]
[EventRounds "9"]
[EventCountry "SUI"]
[EventCategory "18"]
[SourceTitle "CBM 120"]
[Source "ChessBase"]
[SourceDate "2007.10.02"]
[SourceVersion "1"]
[SourceVersionDate "2007.10.02"]
[SourceQuality "1"]

1. d4 {Pelletier} d5 2. c4 c6 3. Nf3 Nf6 4. Nc3 dxc4 5. a4 Bf5 6. e3 e6 7. Bxc4
Bb4 8. O-O Nbd7 9. Qe2 Bg4 10. h3 Bh5 11. Rd1 O-O 12. e4 Qe7 13. g4 {This
half-forgotten move never had a good reputation, but Pelletier connects it
with a new idea.  Pelletier: 'Dieser Zug ist angesichts der Statistiken wenig
populär, aber ich hatte eine neue Idee gefunden.'} ({Earlier this year the
Chinese GM was confronted with the more popular} 13. e5 {and achieved
reasonable chances after} Nd5 14. Ne4 f6 15. exf6 N7xf6 16. Ng3 Bxf3 17. Qxf3
Rae8 18. Qb3 a5 $11 {1-0 Eljanov,P (2675)-Bu Xiangzhi (2644)/Wijk aan Zee 2007
(45). The result of this game had little to do with the opening.}) 13... Bg6 {
Now White must decide how to protect pawn e4. Previously only the active moves
14.Bg5 and 14.Nh4 were tried, but they both allow Black to implement one of
his main ideas - the advance ...e6-e5, after which the bishop from g6 becomes
an active piece.} 14. Bd3 $5 {Yannick has a very simple approach: without
being visibly too ambitious or aggressive, he simply consolidates the center
and tries to keep the opponent's light-squared bishop out of play. Notice that
Black can almost never play ...e5 in view of exchanges on e5 followed by f2-f4.
It's hard to say whether 14.Bd3 secures White an advantage (in the game it did)
, but it is better than the previously played continuations. Pelletier: 'Diese
Neuerung verhindert e6-e5.'} ({Both} 14. Bg5 h6 15. Bh4 e5) ({and} 14. Nh4 e5 {
offer Black a good play.}) 14... h6 $6 {A typical move, useful in many cases.
Nevertheless in the game Black ended up in an inferior position and perhaps
already here he should seek for improvements.} (14... e5 $2 {Pelletier:
'scheitert an'} 15. dxe5 Nxe5 16. Nxe5 Qxe5 17. f4 Qc5+ (17... Qc7 18. f5 Qg3+
19. Qg2 Bc5+ 20. Kh1 $18) 18. Be3 $18) ({The immediate} 14... c5 {could be
answered with} 15. e5 Nd5 (15... Bxd3 $6 16. Qxd3 $1 (16. exf6 Bxe2 17. fxe7
Bxc3 $1 $17 (17... Bxd1 $2 18. exf8=R+ Rxf8 19. Nxd1 $18)) 16... Nd5 17. Nxd5
exd5 18. dxc5 Nxe5 (18... Nxc5 19. Qxd5 $16 Rfd8 $2 20. Bg5 $1 $18) 19. Nxe5
Qxe5 20. Qxd5 Qc7 (20... Qxd5 21. Rxd5 Rfd8 22. Rxd8+ Rxd8 23. Be3 $16) 21. Be3
$16) 16. Bg5 $36) ({Pelletier: Meiner Meinung nach geht dies am besten mittels
} 14... Rac8 $5 15. Bf4 {Pelletier} c5 {, ohne Angst vor} 16. e5 Nd5 17. Nxd5
exd5 18. dxc5 Nxc5) 15. Bf4 Rac8 16. Rac1 Ba5 ({The principled move is
Pelletier: Der Chinese hat nichts dagegen, eine passive Stellung zu spielen.
Der Textzug bereitet eventuell Bc7 oder Qb4. Es war hingegen der letzte
Zeitpunkt, um noch} 16... c5 {Then after Pelletier: 'zu ziehen. Nach'} 17. e5 (
17. d5 exd5 18. exd5 Qxe2 {can't be problematic for Black} 19. Bxe2 {Pelletier}
Rfe8 {ist in Ordnung für Schwarz}) 17... Bxd3 (17... Nd5 18. Nxd5 exd5 19. dxc5
Nxc5 (19... Rxc5 {Pelletier} 20. Bf5 {gefällt mir Weiss besser, aber es bleibt
kompliziert.}) 20. Bf5 $36) 18. Qxd3 Nd5 19. Nxd5 exd5 20. Qb5 $5 {White keeps
some initiative, although he must always watch out for his weaknesses on the
kingside.}) 17. Bg3 Bb6 (17... c5 $6 {Pelletier geht jetzt nicht mehr wegen}
18. Nb5 $1 {[%csl Gd6]}) ({, während} 17... Bc7 {Pelletier mit} 18. e5 Nd5 19.
Ne4 {begegnet werden kann.}) 18. Bb1 $14 {Simple and good. White achieved
everything he can dream of in this variation of the Slav Defense: a strong
pawn center without counterplay for Black. On the other hand, typically for
the Slav it is still very difficult to break through, but basically Black must
only wait and see if White has any real possibilities to improve further the
position.  Pelletier: 'Weiss ist für konkrete Handlung noch nicht bereit,
daher spiele ich nützliche Wartezüge.'} Qb4 {An understandable desire to
display some activity. However, White has everything well protected.} (18... c5
$2 19. Nb5 $16 {[%csl Rd6]}) (18... Rfd8 $2 19. e5 Nd5 20. Bh4 $18) ({After} 
18... Rfe8 19. Kg2 $5 $14 {Black is still faced with the same problems of
finding a good move. Perhaps} a6 {with idea ...c5 comes into mind. Then White
can consider the aggressive} 20. Nh4 Bh7 21. f4 $36) ({Schwarz verfügte auch
über gute Wartezüge, so wie 18...Rfe8 oder} 18... a6 $5 {(Pelletier) , die er
vielleicht hätte bevorzugen sollen. Ich hatte vor, mit} 19. Kh2 {
weiterzumachen, und erst dann zu entscheiden, ob ich e5, Ne5 oder eine andere
attraktivere konkrete Fortsetzung wählen sollte.}) 19. Ne5 {White uses the
fact that Black does not control any longer square d7 with the queen.} Rfd8 (
19... Nxe5 20. dxe5 Ne8 21. Rd7 $36) ({Bu Xiangzhi muss meine Antwort und das
folgende Endspiel unterschätzt haben. Nach} 19... Bh7 {Pelletier} 20. Nc4 (20.
Kh2 $5) 20... Bc7 {sollte sich Weiss mit einem leichten Vorteil begnügen:} 21.
Bxc7 (21. Nd6 Bxd6 22. Na2 Qxa4 23. Bxd6 Rfd8) (21. f4 Nb6 $1) 21... Rxc7 22.
f4 $14) 20. Qc4 $1 {Forcing the exchange of Black's only active piece.} (20.
Nxg6 {Pelletier} fxg6 {[%csl Rd4] gefiel mir nicht so. Weiss wird g6 gewinnen,
dafür seinen zentralen Bauern d4 einbüssen. Ich schätzte meine Angriffschancen
als ungenügend ein und bevorzugte deshalb den Textzug.}) 20... Qxc4 (20... Qe7
{loses a pawn:} 21. Nxg6 fxg6 22. e5 Nd5 23. Bxg6 $16 {/+-}) 21. Nxc4 Bc7 22.
Bxc7 Rxc7 {Without queens Black's position became even less attractive: his
hopes ever to use White's weaknesses on the queenside vanished.} 23. f4 $14 {
/+/-} (23. b4 {(Pelletier) sieht genauer aus, um sich die Möglichkeit zu
behalten, e4 mittels f3 zu schützen. Trotzdem behält Weiss sooderso einen
angenehmen Raumvorteil.}) 23... Nb6 (23... Ne8 {[%cal Gf7f6] (Pelletier) war
besser. Mein Gegner verknüpfte aber seinen Zug mit dem kommenden Fehler.}) 24.
Ne5 a5 $2 {Blundering a pawn.} ({After  Pelletier: Nach diesem Einsteller ist
es praktisch aus. Bu Xiangzhi dachte, nur sein Bauer g6 würde nach dem
Abtausch schwach. Aber in der Tat fällt e6. Nach dem besseren} 24... Bh7 {
Pelletier: 'hätte Weiss nicht gezögert, und mittels'} 25. b4 {Black must wait
in a passive position and hope to escape with a draw.}) 25. Nxg6 fxg6 26. Ba2 (
26. e5 $2 {Pelletier} Nfd5) 26... Kf7 27. f5 $18 {The game is decided. With an
extra pawn and a better position all White needs is some accuracy.} gxf5 28.
gxf5 Nh5 29. Bxe6+ Kf8 (29... Ke7 {Pelletier} 30. Nb5) (29... Kf6 {Pelletier}
30. e5+ Kg5 31. h4+ $1 Kxh4 32. Kf2 $18 {[%csl Rh4]}) 30. d5 cxd5 31. Nxd5 Rxc1
32. Rxc1 Nxd5 33. exd5 Nf4 34. Rc7 Nxd5 ({Pelletier: Das Turmendspiel ist
hoffnungslos:} 34... Nxe6 35. dxe6 Rd1+ 36. Kf2 (36. Kg2 {Pelletier} Rd2+ 37.
Kg3 Rxb2 38. h4 {Schwarz kann} b5 {nie ziehen, da} 39. Rf7+ Kg8 40. Rb7 {
entscheidet.}) 36... Rd2+ 37. Kf3 Rxb2 38. Rc8+ Ke7 39. Rg8 Kf6 40. Rf8+ Ke7
41. Rf7+ $18) 35. Rf7+ Ke8 36. Rxg7 Nf4 37. Rg8+ 1-0

[Event "Remco Heite"]
[Site "Wolvega"]
[Date "2006.11.26"]
[Round "4"]
[White "Van Wely, Loek"]
[Black "Timman, Jan H"]
[Result "1-0"]
[WhiteElo "2676"]
[BlackElo "2565"]
[Annotator "Rogozenco,D"]
[PlyCount "95"]
[EventDate "2006.11.24"]
[EventType "tourn"]
[EventRounds "5"]
[EventCountry "NED"]
[EventCategory "14"]
[SourceTitle "CBM 115 Extra"]
[Source "ChessBase"]
[SourceDate "2007.01.10"]
[SourceVersion "1"]
[SourceVersionDate "2007.01.10"]
[SourceQuality "1"]

1. d4 d5 2. c4 c6 3. Nc3 Nf6 4. Nf3 dxc4 5. a4 Bf5 6. e3 e6 7. Bxc4 Bb4 8. O-O
Nbd7 9. Qe2 Bg6 {A solid plan for Black, implemented by Kramnik in the World
Championship Match, Elista 2006.} 10. e4 O-O 11. Bd3 Bh5 12. e5 Nd5 13. Nxd5
cxd5 14. Qe3 {Van Wely has experience playing this position before. In the
present game he also came very well prepared.} Bg6 (14... h6 15. Ne1 (15. Bd2
$14) 15... f5 (15... Bg6 16. Bxg6 fxg6 17. Nd3 (17. Nc2 $5 Ba5 18. Qd3 Kh7 19.
f4 a6 20. b4 Bb6 21. g4 Qh4 22. Ne3 Rac8 23. Bd2 h5 24. Rae1 hxg4 25. Re2 Rf7
26. Rg2 $36 {1-0 Bacrot,E (2664)-Gustafsson,J (2571)/Germany 2004 (36)}) 17...
Be7 18. Qh3 Rf5 19. Be3 Qb6 20. Rfc1 Raf8 21. Rc3 Nb8 22. a5 Qb5 23. Qg4 g5 24.
h4 g6 25. hxg5 h5 26. Qh3 Nc6 27. a6 bxa6 28. Rac1 $16 {1/2-1/2 Van Wely,
L-Vandevoort,P/Hellevoetsluis (rapid) 2004 (55)}) 16. exf6 Qxf6 17. Qg3 Rac8
18. Bb5 Nb8 19. Nd3 a6 20. Nxb4 axb5 21. Bd2 bxa4 22. Rxa4 Nc6 23. Nxc6 Rxc6
24. Bc3 Qg6 25. Qxg6 Bxg6 26. Re1 Kf7 27. Raa1 Ra6 28. Rac1 {and the Dutchman
succceeded to win this equal endgame later on, Van Wely,L (2655)-Pelletier,Y 
(2603)/Merida 2005 (84)}) 15. Ng5 Re8 16. Bxg6 ({Topalov versus Kramnik played
} 16. f4 Bxd3 17. Qxd3 f5 18. Be3 (18. g4 $5 h6 19. Nxe6 Rxe6 20. gxf5 $13)
18... Nf8 19. Kh1 {and after} Rc8 ({Better played Black in a later game:} 19...
Be7 20. Nf3 Rc8 21. h3 (21. Rg1 Qc7 22. Rac1 Qd7 $11) 21... Qc7 22. Rfc1 Qd7
23. Rg1 Qc7 24. Rgc1 Qd7 25. Qb3 {1/2-1/2 Jakovenko,D (2671)-Rublevsky,S (2688)
/Moscow 2006}) 20. g4 $1 Qd7 21. Rg1 Be7 22. Nf3 $5 Rc4 23. Rg2 {White created
a strong attack, 0-1 Topalov,V (2813)-Kramnik,V (2743)/Elista 2006(63)}) 16...
fxg6 {According to the theory Black has little to fear here. The main reason
is that it is difficult for White to achieve quickly something on the kingside
due to the open c-file, where Black can create counterplay. It seems that
there are no other plans for White, since on the queenside there is only one
open file, which can lead to exchange of pieces. White does not have any
targets on the queenside and if necessary Black can increase the control over
square b4 by playing ...a7-a5. Indeed, the position is very close to equal,
nevertheless White has possibilities to try increasing his edge.} 17. a5 $1 {
This move, which was never met in GM practice, sets some new problems for
Black. Suddenly the bishop on b4 is unstable (the immediate threat is 18.Qb3)
and White has some ideas to use the a-file for activity. I can put it the
following way: on the kingside White has a stable advantage thanks to more
space and better pawn structure. This cannot be used right away, though, so
White needs another battlefield for activity. In any case Black will always
have to watch out opponent's possibility to advance the h-pawn and create an
attack against the king, but meanwhile White is trying to gain more space on
the queenside and confront Black with problems there too.} ({After other moves
White couldn't achieve anything sensible:} 17. Qh3 Nf8 {and Black has
everything well protected.}) (17. Bd2 Bxd2 (17... Qa5 $5) 18. Qxd2 Nb8 19. h4 (
19. b4 $5) 19... Nc6 20. a5 a6 {In opposite to the main game here the advance
of the a-pawn is pointless for White.} 21. Rfc1 h6 22. Nf3 Rf8 $11 23. Ra3 Rf5
24. Qd3 Qe7 25. g4 $6 Rxf3 26. Qxf3 Rf8 27. Qg3 Nxd4 $132 {1/2-1/2 Ionov,S 
(2530)-Bezgodov,A (2440)/Elista 1994 (66)}) (17. Qb3 a5 {leads White nowhere
either.}) 17... Nf8 ({The tactical justification of 17.a5 is the following
variation:} 17... Bxa5 18. Qf3 Re7 19. Nxe6 $1 Rxe6 (19... Nxe5 20. Qh3 $1 $18)
20. Qxd5 Nf8 21. Rxa5 b6 22. Qxd8 Rxd8 23. Rxa7 Rxd4 24. f4 $16 {1-0 Schirm,F 
(2301)-Balcerak,P (2224)/Germany 2005 (34). This is the only game with the
move 17.a5.}) (17... a6 $2 18. Qb3 Bxa5 19. Nxe6 Rxe6 20. Qxd5 $18) ({Deserves
attention} 17... Rc8 $5 {with the idea} 18. Qb3 Bxa5 19. Qf3 (19. Nxe6 Rxe6 20.
Qxd5 Nc5 {is the same}) 19... Re7 20. Nxe6 Rxe6 21. Qxd5 Nc5 $1 22. Qxd8+ Bxd8
23. dxc5 Rxe5 {and Black achieves a draw in endgame. But White is not forced
to play it, of course, and can simply continue like in the game - 18.a6+/=.})
18. a6 $1 {Otherwise Black will play ...a6 himself.} Qb6 (18... b6 {favours
White - Black remains with weak light squares and the pawn on a6 is
potentially dangerous in endgame (or to put it differently - pawn a7 can
become weak at some moment).} 19. Bd2 Bxd2 (19... Be7 20. Nh3 $5 $14) 20. Qxd2
$14) 19. Qd3 Rac8 20. h4 Rc4 21. axb7 Qxb7 (21... Rxd4 $2 22. Be3 Rxd3 23. Bxb6
axb6 24. Ra8 $18) 22. Bd2 Be7 {Up to this moment Black's play was logical and
strong, but the retreat of the bishop is questionable. The point is that White
can use very well his "bad" bishop to protect the weak pawn on b2. In order to
do so with his own bishop (protect pawn a7) Black will have to close the
b-file for his pieces.} ({After} 22... Bxd2 23. Qxd2 Rb8 24. Ra2 Rb4 {Black
should be able to hold the position. For instance:} 25. Rfa1 Rxb2 26. Rxb2 Qxb2
27. Qxb2 Rxb2 28. Rxa7 h6 29. Nf3 Rb8 {planning Rd8-d7, slowly neutralizing
White's activity.}) ({Or} 22... Rb8 $5) 23. Nf3 Rb8 24. Ra2 Bd8 25. Rfa1 Qb5
26. Bc3 a5 $2 {This is already a serious mistake. On a5 the pawn is much
weaker than on a7 for the simple reason that it is attacked also by White's
bishop.} (26... Bb6 27. Nd2 Rc5 28. Qf1 $5 Qxf1+ 29. Kxf1 Rcc8 30. Ke2 $14) 27.
g3 $16 {The next part of the game is a good example of White's superiority.
Van Wely improves the position of all his pieces and finally wins opponent's
pawn on a5.} Nd7 28. Kg2 Qb7 {Somewhere here Black should have already tried
to change the course of events.} ({Deserved attention} 28... Rcc8 {and there
is no clear winning plan for White in endgame:} 29. Qxb5 ({Possibly White
should keep queens:} 29. Qd2 Rb7 30. Ne1 Nb8 {[%cal Gb8c6]} 31. Nd3 Nc6 32. Nc5
Re7 33. Ra3 $16) 29... Rxb5 30. Bxa5 ({After} 30. Ne1 {Black can also regroup
the knight:} Nb8 31. Nd3 Nc6 {and White's advantage is minimal.}) 30... Bxa5
31. Rxa5 Rxb2 32. Ng5 Nf8 33. Ra8 Rbb8 {with chances to escape.}) 29. Qd2 Qc8
30. Ne1 Bb6 31. Nc2 {White simply can use more squares for his pieces - a
direct consequence of the space advantage.} Qb7 32. Kg1 ({Avoiding the
unnecessary complications after} 32. Ne3 Nxe5 $1 $132 {[%cal Gb7g2]}) 32...
Rcc8 33. Ne3 Rf8 34. Bxa5 {The beginning of the end. An extra pawn is enough
for win. Timman tries some desperate attempts to create counterplay on the
kingside, but they cannot be successful: Black does not have sufficient pieces
there.} Rf3 (34... Bxa5 35. Qxa5 $16 {/+-}) 35. Bxb6 Nxb6 36. Ra7 Qc8 37. Rc1
Nc4 38. Qe2 Rxe3 (38... Rf8 39. Nxc4 Rb4 40. b3 Rxb3 41. Rc2 dxc4 42. Rxc4 $18
{[%cal Gc4c7]}) 39. fxe3 Qe8 40. Rf1 h5 41. Qf3 Kh8 42. Qf7 Qxf7 43. Rfxf7 Nxe3
44. Rxg7 Nf5 45. Rgb7 Rc8 46. Rc7 Rb8 47. Rab7 Ra8 48. Kf2 1-0